| 000 | 00697nam a22001937a 4500 | ||
|---|---|---|---|
| 999 |
_c21070 _d21070 |
||
| 003 | AR-CdUCM | ||
| 008 | 190417b ||||| |||| 00| 0 spa d | ||
| 040 |
_aMUNICIPALIDAD PROVINCIAL DEL CUSCO _cBIBLIOTECA MUNICIPAL DEL CUSCO |
||
| 082 |
_aC / 711.461 _bP66 |
||
| 110 |
_aMunicipalidad Provincial del Cusco _943919 |
||
| 245 |
_aCusco : _bPlano de la Ciudad / |
||
| 260 |
_aLima : _c1978. |
||
| 300 |
_a25 paginas ; _bgráficos, planos. _c29 cm. |
||
| 505 | _aContenido : Planos de la ciudad de Cusco -- Según primer reparto -- Según Inca Garcilaso 1551 -- según Garcilaso y Toledo. | ||
| 650 |
_aPlanos _913064 |
||
| 650 |
_aCusco _9772 |
||
| 942 |
_2ddc _cLIBROS |
||
| 945 |
_arcc _d2019-04-17 |
||